[Event "Manaus Amazonense-ch"]
[Site "Manaus"]
[Date "2015.09.20"]
[Round "4"]
[White "Reis Eleuterio, Mark Asaph"]
[Black "Presa, Luis Alberto Passos"]
[Result "0-1"]
[WhiteElo "1824"]
[BlackElo "1684"]
[PlyCount "60"]
[EventDate "2015.09.12"]
[EventType "swiss"]
[EventRounds "7"]
[EventCountry "BRA"]
[SourceTitle "EXT 2016"]
[Source "ChessBase"]
[SourceDate "2015.10.08"]
[SourceVersion "1"]
[SourceVersionDate "2015.10.08"]
[SourceQuality "1"]

1. d4 d5 2. c4 c6 3. Nf3 Nf6 4. Nc3 e6 5. e3 Nbd7 6. Bd3 Be7 7. 0-0 0-0 8. Qc2 b6 9. cxd5 cxd5 10. b3 Bb7 11. Bb2 Rc8 12. Qd2 Ne4 13. Bxe4 dxe4 14. Ne1 Ba6 15. Nxe4 Bxf1 16. Kxf1 Nf6 17. Nxf6+ Bxf6 18. Ba3 Be7 19. Bxe7 Qxe7 20. e4 Rfd8 21. Rd1 Rd7 22. d5 Rcd8 23. Qf4 exd5 24. exd5 Rxd5 25. Rxd5 Rxd5 26. Qb8+ Rd8 27. Qf4 h6 28. a4 Rd1 29. Qe3 Qxe3 30. fxe3 Rb1 0-1

[Event "Manaus Amazonense-ch"]
[Site "Manaus"]
[Date "2015.09.20"]
[Round "5"]
[White "Reis Eleuterio, Mark Asaph"]
[Black "Rodolpho Filho, Joao"]
[Result "0-1"]
[WhiteElo "1824"]
[BlackElo "1452"]
[PlyCount "130"]
[EventDate "2015.09.12"]
[EventType "swiss"]
[EventRounds "7"]
[EventCountry "BRA"]
[SourceTitle "EXT 2016"]
[Source "ChessBase"]
[SourceDate "2015.10.08"]
[SourceVersion "1"]
[SourceVersionDate "2015.10.08"]
[SourceQuality "1"]

1. c4 Nf6 2. Nc3 e6 3. g3 Bb4 4. Bg2 c6 5. d3 d5 6. cxd5 cxd5 7. Nf3 0-0 8. 0-0 Nbd7 9. Bd2 a6 10. a3 Ba5 11. Rc1 b5 12. b4 Bb6 13. d4 Bb7 14. e3 Rc8 15. Ne5 Nxe5 16. dxe5 Nd7 17. f4 Ba8 18. Ne2 Rxc1 19. Qxc1 Qb8 20. Nd4 Rc8 21. Qb2 h6 22. Rc1 Rxc1+ 23. Qxc1 Qc7 24. Qxc7 Bxc7 25. Nb3 Bb6 26. Kf1 Bb7 27. Ke2 Kf8 28. Nd4 g6 29. h4 h5 30. Bf3 Nb8 31. g4 hxg4 32. Bxg4 Nc6 33. Kd3 Ne7 34. h5 Kg7 35. Nf3 gxh5 36. Bxh5 Bd8 37. Ng5 Ng6 38. Be1 Bxg5 39. fxg5 Nxe5+ 40. Kd4 Nc4 41. Bc3 Nxa3 42. Kc5+ Kf8 43. g6 fxg6 44. Bxg6 Ke7 45. Bd3 Nc4 46. Bxc4 dxc4 47. Kb6 Bc8 48. Kc7 Bd7 49. Kb6 Kd6 50. e4 Bc6 51. e5+ Kd5 52. Kxa6 Ke4 53. Kb6 Be8 54. Kc5 Kd3 55. Bb2 c3 56. Bc1 Kc2 57. Bh6 Kd1 58. Kd4 c2 59. Kd3 c1Q 60. Bxc1 Kxc1 61. Kc3 Bc6 62. Kd4 Bd5 63. Kc5 Bc4 64. Kc6 Kd2 65. Kd6 Ke3 0-1